[Event "European Chess Club Cup 2023"]
[Site "Durres, Albania"]
[Date "2023.10.07"]
[Round "7.53"]
[White "Veinberg, Nimrod"]
[Black "Csonka, Attila Istvan"]
[Result "1-0"]
[TimeControl "90' + 30' & 30\""]
[WhiteElo "2402"]
[BlackElo "2297"]

1. d4 {[%clk 01:30:55]} {[%emt 00:00:04]} Nf6 {[%clk 01:30:51]} {[%emt
00:00:09]} 2. c4 {[%clk 01:31:21]} {[%emt 00:00:04]} e6 {[%clk 01:31:14]}
{[%emt 00:00:07]} 3. g3 {[%clk 01:31:33]} {[%emt 00:00:19]} d5 {[%clk
01:30:49]} {[%emt 00:00:55]} 4. Bg2 {[%clk 01:31:56]} {[%emt 00:00:07]} Bb4+
{[%clk 01:30:25]} {[%emt 00:00:54]} 5. Nd2 {[%clk 01:30:06]} {[%emt 00:02:21]}
O-O {[%clk 01:29:49]} {[%emt 00:01:06]} 6. Ngf3 {[%clk 01:30:24]} {[%emt
00:00:11]} Nbd7 {[%clk 01:24:59]} {[%emt 00:05:20]} 7. O-O {[%clk 01:30:18]}
{[%emt 00:00:36]} c6 {[%clk 01:24:48]} {[%emt 00:00:42]} 8. Qc2 {[%clk
01:27:04]} {[%emt 00:03:44]} b6 {[%clk 01:21:37]} {[%emt 00:03:40]} 9. e4
{[%clk 01:23:27]} {[%emt 00:04:07]} Bb7 {[%clk 01:20:14]} {[%emt 00:01:53]} 10.
e5 {[%clk 01:22:31]} {[%emt 00:01:27]} Ne8 {[%clk 01:20:30]} {[%emt 00:00:13]}
11. cxd5 {[%clk 01:22:51]} {[%emt 00:00:11]} cxd5 {[%clk 01:20:38]} {[%emt
00:00:21]} 12. Re1 {[%clk 01:16:32]} {[%emt 00:06:49]} Rc8 {[%clk 01:15:50]}
{[%emt 00:05:18]} 13. Qd1 {[%clk 01:16:24]} {[%emt 00:00:39]} Qc7 {[%clk
01:13:54]} {[%emt 00:02:26]} 14. a3 {[%clk 01:16:13]} {[%emt 00:00:41]} Be7
{[%clk 01:14:12]} {[%emt 00:00:12]} 15. Nb1 {[%clk 01:15:53]} {[%emt 00:00:50]}
Ba6 {[%clk 01:06:12]} {[%emt 00:08:30]} 16. Nc3 {[%clk 01:09:33]} {[%emt
00:06:50]} Nb8 {[%clk 01:02:36]} {[%emt 00:04:04]} 17. Bf4 {[%clk 01:07:39]}
{[%emt 00:02:25]} Qb7 {[%clk 00:59:13]} {[%emt 00:03:54]} 18. Rc1 {[%clk
01:03:56]} {[%emt 00:04:13]} Nc6 {[%clk 00:58:42]} {[%emt 00:01:01]} 19. h4
{[%clk 01:03:56]} {[%emt 00:00:30]} Bc4 {[%clk 00:56:31]} {[%emt 00:02:41]} 20.
Ne4 {[%clk 00:55:07]} {[%emt 00:09:19]} Na5 {[%clk 00:49:49]} {[%emt 00:07:11]}
21. Nd6 {[%clk 00:52:08]} {[%emt 00:03:30]} Nxd6 {[%clk 00:45:51]} {[%emt
00:04:28]} 22. exd6 {[%clk 00:52:32]} {[%emt 00:00:06]} Bf6 {[%clk 00:46:16]}
{[%emt 00:00:05]} 23. Ne5 {[%clk 00:40:10]} {[%emt 00:12:52]} Bxe5 {[%clk
00:40:06]} {[%emt 00:06:39]} 24. dxe5 {[%clk 00:38:11]} {[%emt 00:02:30]} Qd7
{[%clk 00:36:28]} {[%emt 00:04:07]} 25. Qg4 {[%clk 00:34:45]} {[%emt 00:03:56]}
Kh8 {[%clk 00:32:38]} {[%emt 00:04:21]} 26. Be3 {[%clk 00:29:12]} {[%emt
00:06:03]} Nb3 {[%clk 00:28:37]} {[%emt 00:04:31]} 27. Rc3 {[%clk 00:27:16]}
{[%emt 00:02:26]} Nc5 {[%clk 00:21:01]} {[%emt 00:08:06]} 28. Qd4 {[%clk
00:22:19]} {[%emt 00:05:27]} Qb5 {[%clk 00:17:20]} {[%emt 00:04:10]} 29. Rb1
{[%clk 00:16:26]} {[%emt 00:06:24]} Nb3 {[%clk 00:14:18]} {[%emt 00:03:32]} 30.
Qd1 {[%clk 00:15:31]} {[%emt 00:01:24]} a5 {[%clk 00:14:35]} {[%emt 00:00:14]}
31. a4 {[%clk 00:13:29]} {[%emt 00:02:32]} Qb4 {[%clk 00:12:55]} {[%emt
00:02:09]} 32. Bg5 {[%clk 00:09:54]} {[%emt 00:04:06]} f6 {[%clk 00:09:30]}
{[%emt 00:03:54]} 33. exf6 {[%clk 00:10:18]} {[%emt 00:00:07]} gxf6 {[%clk
00:09:40]} {[%emt 00:00:20]} 34. Bh6 {[%clk 00:10:46]} {[%emt 00:00:02]} d4
{[%clk 00:06:51]} {[%emt 00:03:19]} 35. d7 {[%clk 00:06:35]} {[%emt 00:04:42]}
Rcd8 {[%clk 00:06:14]} {[%emt 00:01:06]} 36. Bxf8 {[%clk 00:06:42]} {[%emt
00:00:23]} Rxf8 {[%clk 00:06:33]} {[%emt 00:00:11]} 37. Bf1 {[%clk 00:06:37]}
{[%emt 00:00:35]} Bd5 {[%clk 00:03:21]} {[%emt 00:03:43]} 38. Rc8 {[%clk
00:06:33]} {[%emt 00:00:34]} Qe7 {[%clk 00:03:44]} {[%emt 00:00:07]} 39. Qh5
{[%clk 00:04:08]} {[%emt 00:02:54]} 1-0

[Event "European Chess Club Cup 2023"]
[Site "Durres, Albania"]
[Date "2023.10.07"]
[Round "7.54"]
[White "Takacs, Laszlo"]
[Black "Kaspi, Alexander"]
[Result "1/2-1/2"]
[TimeControl "90' + 30' & 30\""]
[WhiteElo "2221"]
[BlackElo "2382"]

1. e4 {[%clk 01:30:56]} {[%emt 00:00:03]} c5 {[%clk 01:30:43]} {[%emt
00:00:17]} 2. Nf3 {[%clk 01:31:17]} {[%emt 00:00:09]} d6 {[%clk 01:31:06]}
{[%emt 00:00:07]} 3. d4 {[%clk 01:31:41]} {[%emt 00:00:06]} cxd4 {[%clk
01:31:30]} {[%emt 00:00:06]} 4. Nxd4 {[%clk 01:32:05]} {[%emt 00:00:06]} Nf6
{[%clk 01:31:55]} {[%emt 00:00:05]} 5. Nc3 {[%clk 01:32:25]} {[%emt 00:00:10]}
a6 {[%clk 01:32:19]} {[%emt 00:00:05]} 6. Be3 {[%clk 01:32:47]} {[%emt
00:00:09]} e5 {[%clk 01:32:24]} {[%emt 00:00:25]} 7. Nf3 {[%clk 01:32:41]}
{[%emt 00:00:36]} Qc7 {[%clk 01:29:46]} {[%emt 00:03:08]} 8. a4 {[%clk
01:32:55]} {[%emt 00:00:16]} b6 {[%clk 01:24:17]} {[%emt 00:05:58]} 9. Be2
{[%clk 01:31:52]} {[%emt 00:01:33]} Be7 {[%clk 01:23:13]} {[%emt 00:01:33]} 10.
O-O {[%clk 01:31:59]} {[%emt 00:00:24]} O-O {[%clk 01:23:35]} {[%emt 00:00:09]}
11. Bg5 {[%clk 01:30:34]} {[%emt 00:01:55]} Nbd7 {[%clk 01:13:45]} {[%emt
00:10:20]} 12. Nh4 {[%clk 01:29:53]} {[%emt 00:01:12]} g6 {[%clk 01:11:13]}
{[%emt 00:03:01]} 13. Nf3 {[%clk 01:29:51]} {[%emt 00:00:32]} Bb7 {[%clk
01:10:46]} {[%emt 00:00:56]} 14. Nd2 {[%clk 01:26:52]} {[%emt 00:03:30]} Kg7
{[%clk 01:01:20]} {[%emt 00:09:56]} 15. Re1 {[%clk 01:15:20]} {[%emt 00:12:02]}
h6 {[%clk 01:01:27]} {[%emt 00:00:22]} 16. Bxf6+ {[%clk 01:12:30]} {[%emt
00:03:20]} Nxf6 {[%clk 01:01:48]} {[%emt 00:00:09]} 17. Bc4 {[%clk 01:10:54]}
{[%emt 00:02:06]} Rac8 {[%clk 00:46:03]} {[%emt 00:16:16]} 18. Qe2 {[%clk
01:03:31]} {[%emt 00:07:53]} a5 {[%clk 00:40:00]} {[%emt 00:06:33]} 19. b3
{[%clk 00:55:06]} {[%emt 00:08:56]} Rfd8 {[%clk 00:39:15]} {[%emt 00:01:14]} 20.
Rad1 {[%clk 00:54:42]} {[%emt 00:00:54]} d5 {[%clk 00:23:37]} {[%emt 00:16:09]}
21. exd5 {[%clk 00:51:58]} {[%emt 00:03:14]} Bxd5 {[%clk 00:22:47]} {[%emt
00:01:20]} 22. Nxd5 {[%clk 00:50:03]} {[%emt 00:02:25]} Nxd5 {[%clk 00:23:10]}
{[%emt 00:00:06]} 23. Bxd5 {[%clk 00:46:23]} {[%emt 00:04:10]} Rxd5 {[%clk
00:23:32]} {[%emt 00:00:08]} 24. Nc4 {[%clk 00:46:40]} {[%emt 00:00:13]} Rxd1
{[%clk 00:23:37]} {[%emt 00:00:26]} 25. Rxd1 {[%clk 00:46:44]} {[%emt
00:00:27]} f6 {[%clk 00:23:58]} {[%emt 00:00:08]} 26. Rd5 {[%clk 00:42:08]}
{[%emt 00:05:06]} Rd8 {[%clk 00:23:52]} {[%emt 00:00:36]} 27. Qd3 {[%clk
00:39:36]} {[%emt 00:03:00]} Rxd5 {[%clk 00:23:16]} {[%emt 00:01:07]} 28. Qxd5
{[%clk 00:40:02]} {[%emt 00:00:05]} Qd8 {[%clk 00:20:06]} {[%emt 00:03:39]} 29.
Qxd8 {[%clk 00:18:48]} {[%emt 00:21:45]} Bxd8 {[%clk 00:20:05]} {[%emt
00:00:30]} 30. Kf1 {[%clk 00:19:13]} {[%emt 00:00:05]} Kf7 {[%clk 00:20:23]}
{[%emt 00:00:12]} 31. Ke2 {[%clk 00:19:36]} {[%emt 00:00:07]} Ke6 {[%clk
00:20:46]} {[%emt 00:00:07]} 32. Kd3 {[%clk 00:19:57]} {[%emt 00:00:09]} Kd5
{[%clk 00:19:17]} {[%emt 00:01:59]} 33. Ne3+ {[%clk 00:16:50]} {[%emt
00:03:37]} Kc5 {[%clk 00:19:32]} {[%emt 00:00:15]} 34. Ke4 {[%clk 00:15:49]}
{[%emt 00:01:31]} h5 {[%clk 00:19:40]} {[%emt 00:00:23]} 35. h3 {[%clk
00:13:30]} {[%emt 00:02:48]} h4 {[%clk 00:18:48]} {[%emt 00:01:22]} 36. Nc4
{[%clk 00:02:51]} {[%emt 00:11:09]} Bc7 {[%clk 00:18:52]} {[%emt 00:00:27]} 37.
f3 {[%clk 00:01:22]} {[%emt 00:01:59]} f5+ {[%clk 00:18:51]} {[%emt 00:00:30]}
38. Kd3 {[%clk 00:01:44]} {[%emt 00:00:09]} Kd5 {[%clk 00:16:15]} {[%emt
00:03:05]} 39. Ne3+ {[%clk 00:02:05]} {[%emt 00:00:10]} Kc5 {[%clk 00:16:07]}
{[%emt 00:00:37]} 40. Nc4 {[%clk 00:01:06]} {[%emt 00:01:30]} Bb8 {[%clk
00:13:05]} {[%emt 00:03:31]} 41. Ne3 {[%clk 00:26:40]} {[%emt 00:04:56]} Bd6
{[%clk 00:42:49]} {[%emt 00:00:46]} 42. Nc4 {[%clk 00:26:08]} {[%emt 00:01:03]}
Bc7 {[%clk 00:43:00]} {[%emt 00:00:19]} 43. Ne3 {[%clk 00:25:05]} {[%emt
00:01:33]} Bd8 {[%clk 00:42:12]} {[%emt 00:01:17]} 44. Nc4 {[%clk 00:20:13]}
{[%emt 00:05:22]} Bf6 {[%clk 00:42:24]} {[%emt 00:00:19]} 45. Ne3 {[%clk
00:15:01]} {[%emt 00:05:41]} Bg5 {[%clk 00:42:41]} {[%emt 00:00:14]} 46. Nd1
{[%clk 00:15:21]} {[%emt 00:00:10]} Kb4 {[%clk 00:42:17]} {[%emt 00:00:54]} 47.
Nc3 {[%clk 00:14:59]} {[%emt 00:00:52]} Kc5 {[%clk 00:39:17]} {[%emt 00:03:30]}
48. Nb5 {[%clk 00:14:31]} {[%emt 00:00:57]} Bf4 {[%clk 00:36:08]} {[%emt
00:03:40]} 49. Nc3 {[%clk 00:14:23]} {[%emt 00:00:37]} Bg3 {[%clk 00:35:51]}
{[%emt 00:00:48]} 50. Nb5 {[%clk 00:11:57]} {[%emt 00:02:56]} Bf2 {[%clk
00:34:12]} {[%emt 00:02:09]} 51. Nc7 {[%clk 00:10:39]} {[%emt 00:01:48]} Kd6
{[%clk 00:34:00]} {[%emt 00:00:42]} 52. Nb5+ {[%clk 00:10:20]} {[%emt
00:00:49]} Ke6 {[%clk 00:34:06]} {[%emt 00:00:24]} 53. Nc7+ {[%clk 00:09:58]}
{[%emt 00:00:52]} Kd6 {[%clk 00:28:44]} {[%emt 00:05:51]} 54. Nb5+ {[%clk
00:10:17]} {[%emt 00:00:12]} Kc6 {[%clk 00:28:12]} {[%emt 00:01:01]} 55. Kc4
{[%clk 00:05:55]} {[%emt 00:04:52]} Bc5 {[%clk 00:22:01]} {[%emt 00:06:42]} 56.
Nc3 {[%clk 00:05:25]} {[%emt 00:01:01]} Bd4 {[%clk 00:21:26]} {[%emt 00:01:04]}
57. Nd5 {[%clk 00:05:33]} {[%emt 00:00:22]} Bc5 {[%clk 00:21:37]} {[%emt
00:00:18]} 58. c3 {[%clk 00:05:12]} {[%emt 00:00:51]} Kd6 {[%clk 00:19:01]}
{[%emt 00:03:07]} 59. b4 {[%clk 00:03:07]} {[%emt 00:02:35]} Bf2 {[%clk
00:19:12]} {[%emt 00:00:19]} 60. Nf6 {[%clk 00:03:04]} {[%emt 00:00:32]} Ke6
{[%clk 00:18:43]} {[%emt 00:00:59]} 61. Nd5 {[%clk 00:03:13]} {[%emt 00:00:22]}
Kd6 {[%clk 00:18:52]} {[%emt 00:00:21]} 62. Nf6 {[%clk 00:03:37]} {[%emt
00:00:05]} Ke6 {[%clk 00:18:54]} {[%emt 00:00:29]} 63. Nd5 {[%clk 00:03:59]}
{[%emt 00:00:08]} g5 {[%clk 00:14:32]} {[%emt 00:04:52]} 64. Nc7+ {[%clk
00:03:42]} {[%emt 00:00:48]} Kd7 {[%clk 00:14:22]} {[%emt 00:00:40]} 65. Nb5
{[%clk 00:01:01]} {[%emt 00:03:10]} e4 {[%clk 00:14:12]} {[%emt 00:00:40]} 66.
fxe4 {[%clk 00:01:22]} {[%emt 00:00:11]} fxe4 {[%clk 00:14:36]} {[%emt
00:00:05]} 67. bxa5 {[%clk 00:01:48]} {[%emt 00:00:04]} bxa5 {[%clk 00:15:01]}
{[%emt 00:00:05]} 68. Kd5 {[%clk 00:01:27]} {[%emt 00:00:50]} e3 {[%clk
00:15:24]} {[%emt 00:00:07]} 69. Nd4 {[%clk 00:01:52]} {[%emt 00:00:05]} Be1
{[%clk 00:15:47]} {[%emt 00:00:07]} 70. c4 {[%clk 00:01:51]} {[%emt 00:00:32]}
Bc3 {[%clk 00:15:58]} {[%emt 00:00:18]} 71. Ne2 {[%clk 00:02:11]} {[%emt
00:00:10]} Bb2 {[%clk 00:15:17]} {[%emt 00:01:11]} 72. Kc5 {[%clk 00:00:57]}
{[%emt 00:01:44]} Ke6 {[%clk 00:13:37]} {[%emt 00:02:10]} 73. Kb6 {[%clk
00:01:20]} {[%emt 00:00:07]} Ke5 {[%clk 00:13:52]} {[%emt 00:00:16]} 74. Kxa5
{[%clk 00:01:29]} {[%emt 00:00:20]} Ke4 {[%clk 00:14:15]} {[%emt 00:00:07]} 75.
c5 {[%clk 00:00:56]} {[%emt 00:01:04]} Kd3 {[%clk 00:13:13]} {[%emt 00:01:31]}
76. Ng1 {[%clk 00:00:44]} {[%emt 00:00:42]} e2 {[%clk 00:10:18]} {[%emt
00:03:25]} 77. Nxe2 {[%clk 00:00:40]} {[%emt 00:00:34]} Kxe2 {[%clk 00:10:42]}
{[%emt 00:00:06]} 78. c6 {[%clk 00:01:02]} {[%emt 00:00:09]} Be5 {[%clk
00:11:08]} {[%emt 00:00:04]} 79. Kb6 {[%clk 00:01:27]} {[%emt 00:00:04]} Kf2
{[%clk 00:11:22]} {[%emt 00:00:16]} 80. a5 {[%clk 00:01:29]} {[%emt 00:00:29]}
Kxg2 {[%clk 00:11:43]} {[%emt 00:00:09]} 81. a6 {[%clk 00:01:51]} {[%emt
00:00:08]} g4 {[%clk 00:12:09]} {[%emt 00:00:04]} 82. c7 {[%clk 00:00:49]}
{[%emt 00:01:32]} Bxc7+ {[%clk 00:12:35]} {[%emt 00:00:04]} 83. Kxc7 {[%clk
00:01:14]} {[%emt 00:00:05]} gxh3 {[%clk 00:13:00]} {[%emt 00:00:06]} 84. a7
{[%clk 00:01:34]} {[%emt 00:00:10]} h2 {[%clk 00:13:25]} {[%emt 00:00:04]} 85.
a8=Q+ {[%clk 00:01:55]} {[%emt 00:00:08]} Kg1 {[%clk 00:13:49]} {[%emt
00:00:06]} 86. Qa1+ {[%clk 00:01:22]} {[%emt 00:01:03]} Kg2 {[%clk 00:14:12]}
{[%emt 00:00:07]} 87. Qb2+ {[%clk 00:01:48]} {[%emt 00:00:04]} Kg1 {[%clk
00:14:38]} {[%emt 00:00:05]} 88. Qd4+ {[%clk 00:02:10]} {[%emt 00:00:08]} Kg2
{[%clk 00:15:03]} {[%emt 00:00:05]} 89. Qg4+ {[%clk 00:02:33]} {[%emt
00:00:06]} Kf2 {[%clk 00:15:25]} {[%emt 00:00:07]} 90. Qxh4+ {[%clk 00:02:47]}
{[%emt 00:00:18]} Kg2 {[%clk 00:15:49]} {[%emt 00:00:05]} 91. Qxh2+ {[%clk
00:03:07]} {[%emt 00:00:11]} 1/2-1/2

[Event "European Chess Club Cup 2023"]
[Site "Durres, Albania"]
[Date "2023.10.07"]
[Round "7.55"]
[White "Pruijssers, Roeland"]
[Black "Stankovic, Milos"]
[Result "1/2-1/2"]
[TimeControl "90' + 30' & 30\""]
[WhiteElo "2540"]
[BlackElo "2464"]

1. d4 {[%clk 01:30:57]} {[%emt 00:00:03]} d5 {[%clk 01:29:48]} {[%emt
00:01:12]} 2. Nc3 {[%clk 01:31:19]} {[%emt 00:00:08]} c5 {[%clk 01:23:23]}
{[%emt 00:06:55]} 3. e4 {[%clk 01:30:36]} {[%emt 00:01:13]} dxe4 {[%clk
01:22:45]} {[%emt 00:01:08]} 4. d5 {[%clk 01:30:58]} {[%emt 00:00:08]} Nf6
{[%clk 01:22:41]} {[%emt 00:00:32]} 5. Nge2 {[%clk 01:31:18]} {[%emt 00:00:11]}
a6 {[%clk 01:14:52]} {[%emt 00:08:20]} 6. Ng3 {[%clk 01:19:01]} {[%emt
00:12:46]} e6 {[%clk 01:08:37]} {[%emt 00:06:46]} 7. Bg5 {[%clk 01:15:23]}
{[%emt 00:04:07]} Be7 {[%clk 00:51:14]} {[%emt 00:17:54]} 8. dxe6 {[%clk
01:14:44]} {[%emt 00:01:10]} Qxd1+ {[%clk 00:47:50]} {[%emt 00:03:53]} 9. Rxd1
{[%clk 01:15:06]} {[%emt 00:00:07]} Bxe6 {[%clk 00:48:05]} {[%emt 00:00:15]} 10.
Ngxe4 {[%clk 01:09:48]} {[%emt 00:05:48]} Nxe4 {[%clk 00:41:37]} {[%emt
00:06:58]} 11. Nxe4 {[%clk 01:10:08]} {[%emt 00:00:10]} Bxg5 {[%clk 00:27:16]}
{[%emt 00:14:52]} 12. Nxg5 {[%clk 01:10:28]} {[%emt 00:00:10]} Nc6 {[%clk
00:26:53]} {[%emt 00:00:53]} 13. Nxe6 {[%clk 00:50:46]} {[%emt 00:20:12]} fxe6
{[%clk 00:27:16]} {[%emt 00:00:07]} 14. Bd3 {[%clk 00:51:12]} {[%emt 00:00:04]}
Ke7 {[%clk 00:26:00]} {[%emt 00:01:45]} 15. Be4 {[%clk 00:50:26]} {[%emt
00:01:17]} h6 {[%clk 00:25:41]} {[%emt 00:00:48]} 16. Bxc6 {[%clk 00:39:20]}
{[%emt 00:11:36]} bxc6 {[%clk 00:23:40]} {[%emt 00:02:31]} 17. Ke2 {[%clk
00:38:49]} {[%emt 00:01:01]} Rab8 {[%clk 00:23:30]} {[%emt 00:00:41]} 18. b3
{[%clk 00:39:03]} {[%emt 00:00:16]} c4 {[%clk 00:23:22]} {[%emt 00:00:38]} 19.
Rd4 {[%clk 00:39:15]} {[%emt 00:00:18]} cxb3 {[%clk 00:23:19]} {[%emt
00:00:32]} 20. axb3 {[%clk 00:38:55]} {[%emt 00:00:51]} Rb5 {[%clk 00:23:22]}
{[%emt 00:00:27]} 21. Ra1 {[%clk 00:33:06]} {[%emt 00:06:19]} a5 {[%clk
00:22:04]} {[%emt 00:01:49]} 22. Raa4 {[%clk 00:32:23]} {[%emt 00:01:13]} Rhb8
{[%clk 00:20:48]} {[%emt 00:01:44]} 23. Rac4 {[%clk 00:32:28]} {[%emt
00:00:26]} R8b6 {[%clk 00:20:54]} {[%emt 00:00:24]} 24. Rc3 {[%clk 00:31:02]}
{[%emt 00:01:55]} Rd5 {[%clk 00:20:35]} {[%emt 00:00:49]} 25. Rdc4 {[%clk
00:29:22]} {[%emt 00:02:10]} Kd6 {[%clk 00:20:43]} {[%emt 00:00:22]} 26. Rg3
{[%clk 00:27:33]} {[%emt 00:02:20]} Rb7 {[%clk 00:20:21]} {[%emt 00:00:51]} 27.
Rg6 {[%clk 00:27:51]} {[%emt 00:00:12]} Re5+ {[%clk 00:18:58]} {[%emt
00:01:53]} 28. Kd3 {[%clk 00:27:06]} {[%emt 00:01:15]} Rd7 {[%clk 00:09:48]}
{[%emt 00:09:40]} 29. Rd4+ {[%clk 00:16:51]} {[%emt 00:10:45]} Rd5 {[%clk
00:08:59]} {[%emt 00:01:20]} 30. Ke3 {[%clk 00:17:12]} {[%emt 00:00:09]} Rxd4
{[%clk 00:06:49]} {[%emt 00:02:40]} 31. Kxd4 {[%clk 00:17:34]} {[%emt
00:00:08]} Ra7 {[%clk 00:06:01]} {[%emt 00:01:18]} 32. f4 {[%clk 00:15:07]}
{[%emt 00:02:56]} c5+ {[%clk 00:01:47]} {[%emt 00:04:45]} 33. Kc4 {[%clk
00:12:02]} {[%emt 00:03:34]} a4 {[%clk 00:01:56]} {[%emt 00:00:22]} 34. f5
{[%clk 00:12:24]} {[%emt 00:00:08]} Ke5 {[%clk 00:02:20]} {[%emt 00:00:06]} 35.
fxe6 {[%clk 00:07:44]} {[%emt 00:05:10]} Kf5 {[%clk 00:01:51]} {[%emt
00:00:59]} 36. e7 {[%clk 00:04:07]} {[%emt 00:04:07]} Rxe7 {[%clk 00:02:08]}
{[%emt 00:00:13]} 37. Rg3 {[%clk 00:04:33]} {[%emt 00:00:04]} a3 {[%clk
00:00:43]} {[%emt 00:01:56]} 38. Rf3+ {[%clk 00:04:13]} {[%emt 00:00:49]} Kg5
{[%clk 00:00:47]} {[%emt 00:00:25]} 39. c3 {[%clk 00:02:47]} {[%emt 00:01:57]}
a2 {[%clk 00:00:57]} {[%emt 00:00:20]} 40. Rf1 {[%clk 00:03:15]} {[%emt
00:00:01]} Re2 {[%clk 00:01:13]} {[%emt 00:00:14]} 41. Ra1 {[%clk 00:28:11]}
{[%emt 00:05:35]} Rxg2 {[%clk 00:11:41]} {[%emt 00:20:01]} 42. Kxc5 {[%clk
00:26:20]} {[%emt 00:02:22]} Rxh2 {[%clk 00:12:04]} {[%emt 00:00:07]} 43. b4
{[%clk 00:26:48]} {[%emt 00:00:03]} h5 {[%clk 00:11:56]} {[%emt 00:00:37]} 44.
b5 {[%clk 00:26:55]} {[%emt 00:00:23]} Rb2 {[%clk 00:12:16]} {[%emt 00:00:09]}
45. c4 {[%clk 00:24:28]} {[%emt 00:02:58]} h4 {[%clk 00:11:39]} {[%emt
00:01:06]} 46. Kd4 {[%clk 00:24:56]} {[%emt 00:00:02]} h3 {[%clk 00:09:26]}
{[%emt 00:02:43]} 47. Kc3 {[%clk 00:25:24]} {[%emt 00:00:02]} Rb1 {[%clk
00:07:55]} {[%emt 00:02:01]} 48. Rxa2 {[%clk 00:25:47]} {[%emt 00:00:08]} Kh4
{[%clk 00:05:49]} {[%emt 00:02:35]} 49. Rd2 {[%clk 00:21:04]} {[%emt 00:05:13]}
g5 {[%clk 00:05:15]} {[%emt 00:01:05]} 50. Kc2 {[%clk 00:21:33]} {[%emt
00:00:01]} Rb4 {[%clk 00:04:53]} {[%emt 00:00:52]} 51. Kc3 {[%clk 00:22:02]}
{[%emt 00:00:01]} Rb1 {[%clk 00:05:16]} {[%emt 00:00:06]} 52. Kc2 {[%clk
00:22:30]} {[%emt 00:00:03]} Rb4 {[%clk 00:01:42]} {[%emt 00:04:04]} 53. Kc3
{[%clk 00:22:58]} {[%emt 00:00:02]} Rb1 {[%clk 00:00:49]} {[%emt 00:01:22]} 54.
Kc2 {[%emt 00:00:50]} 1/2-1/2

[Event "European Chess Club Cup 2023"]
[Site "Durres, Albania"]
[Date "2023.10.07"]
[Round "7.56"]
[White "Gagunashvili, Merab"]
[Black "Wachinger, Nikolas"]
[Result "1-0"]
[TimeControl "90' + 30' & 30\""]
[WhiteElo "2550"]
[BlackElo "2426"]

1. d4 {[%clk 01:30:58]} {[%emt 00:00:02]} Nf6 {[%clk 01:30:50]} {[%emt
00:00:10]} 2. c4 {[%clk 01:31:24]} {[%emt 00:00:05]} e6 {[%clk 01:31:11]}
{[%emt 00:00:08]} 3. Nc3 {[%clk 01:31:46]} {[%emt 00:00:08]} Bb4 {[%clk
01:31:32]} {[%emt 00:00:09]} 4. Qc2 {[%clk 01:32:04]} {[%emt 00:00:12]} d5
{[%clk 01:31:40]} {[%emt 00:00:22]} 5. cxd5 {[%clk 01:32:11]} {[%emt 00:00:24]}
exd5 {[%clk 01:31:58]} {[%emt 00:00:10]} 6. Bg5 {[%clk 01:29:24]} {[%emt
00:03:18]} h6 {[%clk 01:32:18]} {[%emt 00:00:11]} 7. Bh4 {[%clk 01:29:52]}
{[%emt 00:00:02]} c5 {[%clk 01:32:35]} {[%emt 00:00:12]} 8. dxc5 {[%clk
01:30:13]} {[%emt 00:00:10]} Be6 {[%clk 01:32:53]} {[%emt 00:00:11]} 9. e3
{[%clk 01:29:40]} {[%emt 00:01:03]} O-O {[%clk 01:32:54]} {[%emt 00:00:29]} 10.
Nf3 {[%clk 01:29:32]} {[%emt 00:00:38]} Nbd7 {[%clk 01:33:15]} {[%emt
00:00:08]} 11. c6 {[%clk 01:27:10]} {[%emt 00:02:53]} bxc6 {[%clk 01:33:18]}
{[%emt 00:00:27]} 12. Be2 {[%clk 01:27:10]} {[%emt 00:00:31]} c5 {[%clk
01:32:40]} {[%emt 00:01:07]} 13. O-O {[%clk 01:27:15]} {[%emt 00:00:25]} Re8
{[%clk 01:31:23]} {[%emt 00:01:47]} 14. Rfd1 {[%clk 01:23:04]} {[%emt
00:04:41]} Bxc3 {[%emt 00:33:46]} 15. bxc3 {[%clk 01:16:35]} {[%emt 00:06:56]}
g5 {[%clk 00:44:32]} {[%emt 00:14:09]} 16. Bg3 {[%clk 01:16:53]} {[%emt
00:00:12]} Ne4 {[%clk 00:44:54]} {[%emt 00:00:07]} 17. c4 {[%clk 01:14:10]}
{[%emt 00:03:15]} Bf5 {[%clk 00:38:14]} {[%emt 00:07:09]} 18. Bd3 {[%clk
01:05:35]} {[%emt 00:09:05]} dxc4 {[%clk 00:35:51]} {[%emt 00:02:53]} 19. Qxc4
{[%clk 00:57:27]} {[%emt 00:08:38]} Nb6 {[%clk 00:32:30]} {[%emt 00:03:51]} 20.
Qb5 {[%clk 00:45:15]} {[%emt 00:12:39]} Bd7 {[%clk 00:23:55]} {[%emt 00:09:08]}
21. Qa5 {[%clk 00:42:09]} {[%emt 00:03:35]} Nxg3 {[%clk 00:21:01]} {[%emt
00:03:25]} 22. hxg3 {[%clk 00:42:22]} {[%emt 00:00:18]} Qe7 {[%clk 00:15:59]}
{[%emt 00:05:32]} 23. Rac1 {[%clk 00:40:54]} {[%emt 00:01:57]} Ba4 {[%clk
00:13:35]} {[%emt 00:02:53]} 24. Bc2 {[%clk 00:39:59]} {[%emt 00:01:26]} Bc6
{[%clk 00:13:08]} {[%emt 00:00:57]} 25. Bb3 {[%clk 00:38:37]} {[%emt 00:01:52]}
Bxf3 {[%clk 00:11:55]} {[%emt 00:01:43]} 26. gxf3 {[%clk 00:38:54]} {[%emt
00:00:12]} Rac8 {[%clk 00:12:19]} {[%emt 00:00:06]} 27. Qb5 {[%clk 00:37:40]}
{[%emt 00:01:43]} Qc7 {[%clk 00:07:01]} {[%emt 00:05:49]} 28. a4 {[%clk
00:22:13]} {[%emt 00:15:58]} a5 {[%clk 00:02:43]} {[%emt 00:04:47]} 29. f4
{[%clk 00:16:31]} {[%emt 00:06:12]} c4 {[%clk 00:02:24]} {[%emt 00:00:50]} 30.
Qxa5 {[%clk 00:14:31]} {[%emt 00:02:31]} gxf4 {[%clk 00:01:43]} {[%emt
00:01:10]} 31. gxf4 {[%clk 00:08:38]} {[%emt 00:06:24]} Qc6 {[%clk 00:01:44]}
{[%emt 00:00:29]} 32. Bc2 {[%clk 00:05:49]} {[%emt 00:03:18]} Kh8 {[%clk
00:00:45]} {[%emt 00:01:29]} 33. Qc3+ {[%clk 00:05:46]} {[%emt 00:00:32]} f6
{[%clk 00:01:12]} {[%emt 00:00:03]} 34. Kh2 {[%clk 00:05:33]} {[%emt 00:00:44]}
Re6 {[%clk 00:00:36]} {[%emt 00:01:06]} 35. e4 {[%clk 00:03:11]} {[%emt
00:02:52]} Nxa4 {[%clk 00:00:45]} {[%emt 00:00:20]} 36. Qh3 {[%clk 00:02:45]}
{[%emt 00:00:57]} Re7 {[%clk 00:00:35]} {[%emt 00:00:40]} 37. Bxa4 {[%clk
00:02:44]} {[%emt 00:00:31]} Qc7 {[%clk 00:00:41]} {[%emt 00:00:24]} 38. Qh4
{[%clk 00:02:56]} {[%emt 00:00:18]} f5 {[%clk 00:00:32]} {[%emt 00:00:39]} 39.
e5 {[%clk 00:03:02]} {[%emt 00:00:25]} Qa7 {[%clk 00:00:34]} {[%emt 00:00:27]}
40. Rd6 {[%clk 00:02:44]} {[%emt 00:00:48]} 1-0